<?xml version="1.0" encoding="UTF-8"?>
<record
    xmlns:xsi="http://www.w3.org/2001/XMLSchema-instance"
    xsi:schemaLocation="http://www.loc.gov/MARC21/slim http://www.loc.gov/standards/marcxml/schema/MARC21slim.xsd"
    xmlns="http://www.loc.gov/MARC21/slim">

  <leader>02094nam0a2200385   4500</leader>
  <controlfield tag="001">RU\NLR\BIBL_A\010528077</controlfield>
  <controlfield tag="005">20260406134745.0</controlfield>
  <datafield tag="035" ind1=" " ind2=" ">
    <subfield code="a">(NLR Aleph) 010528077</subfield>
  </datafield>
  <datafield tag="090" ind1=" " ind2=" ">
    <subfield code="a">10244773</subfield>
    <subfield code="c">10244773</subfield>
  </datafield>
  <datafield tag="100" ind1=" " ind2=" ">
    <subfield code="a">20141112d2009    |||y0rusy50      ca</subfield>
  </datafield>
  <datafield tag="101" ind1="1" ind2=" ">
    <subfield code="a">rus</subfield>
    <subfield code="a">eng</subfield>
    <subfield code="a">abk</subfield>
    <subfield code="c">abk</subfield>
  </datafield>
  <datafield tag="102" ind1=" " ind2=" ">
    <subfield code="a">RU</subfield>
  </datafield>
  <datafield tag="105" ind1=" " ind2=" ">
    <subfield code="a">a   z   000ay</subfield>
  </datafield>
  <datafield tag="200" ind1="1" ind2=" ">
    <subfield code="a">&#x410;&#x431;&#x445;&#x430;&#x437;&#x441;&#x43A;&#x438;&#x439; &#x444;&#x43E;&#x43B;&#x44C;&#x43A;&#x43B;&#x43E;&#x440;</subfield>
    <subfield code="d">Abkhazian folklore</subfield>
    <subfield code="d">&#x410;&#x4A7;&#x441;&#x443;&#x430; &#x444;&#x43E;&#x43B;&#x44C;&#x43A;&#x43B;&#x43E;&#x440;</subfield>
    <subfield code="f">&#x410;&#x431;&#x445;&#x430;&#x437;. &#x433;&#x43E;&#x441;. &#x443;&#x43D;-&#x442;, &#x41E;&#x431;&#x449;&#x435;&#x441;&#x442;&#x432;. &#x444;&#x43E;&#x43D;&#x434; &#x43D;&#x430;&#x443;&#x43A;&#x438;</subfield>
    <subfield code="g">&#x430;&#x432;&#x442;.-&#x441;&#x43E;&#x441;&#x442;. &#x41E;&#x43B;&#x435;&#x433; &#x428;&#x430;&#x43C;&#x431;&#x430;, &#x418;&#x433;&#x43E;&#x440;&#x44C; &#x425;&#x432;&#x430;&#x440;&#x446;&#x43A;&#x438;&#x44F;</subfield>
    <subfield code="g">&#x43F;&#x435;&#x440;. &#x420;&#x43E;&#x434;&#x436;&#x435;&#x440; &#x414;&#x436;&#x435;&#x441;&#x441;&#x438;</subfield>
    <subfield code="g">&#x438;&#x43B;. &#x415;. &#x438; &#x41C;. &#x411;&#x435;&#x43B;&#x435;&#x446;&#x43A;&#x438;&#x445;</subfield>
    <subfield code="z">eng</subfield>
    <subfield code="z">abk</subfield>
  </datafield>
  <datafield tag="210" ind1=" " ind2=" ">
    <subfield code="a">&#x421;&#x443;&#x445;&#x443;&#x43C;</subfield>
    <subfield code="c">&#x410;&#x431;&#x445;&#x430;&#x437;. &#x433;&#x43E;&#x441;. &#x443;&#x43D;-&#x442;</subfield>
    <subfield code="d">2009</subfield>
  </datafield>
  <datafield tag="215" ind1=" " ind2=" ">
    <subfield code="a">83 &#x441;.</subfield>
    <subfield code="c">&#x438;&#x43B;., &#x446;&#x432;. &#x438;&#x43B;.</subfield>
    <subfield code="d">20</subfield>
  </datafield>
  <datafield tag="300" ind1=" " ind2=" ">
    <subfield code="a">&#x417;&#x430;&#x433;&#x43B;. &#x43E;&#x431;&#x43B;.: Abkhazian folklore in Russian English Abkhazian</subfield>
  </datafield>
  <datafield tag="300" ind1=" " ind2=" ">
    <subfield code="a">&#x422;&#x435;&#x43A;&#x441;&#x442; &#x43F;&#x430;&#x440;&#x430;&#x43B;. &#x43D;&#x430; &#x440;&#x443;&#x441;., &#x430;&#x43D;&#x433;&#x43B;. &#x438; &#x430;&#x431;&#x445;&#x430;&#x437;. &#x44F;&#x437;.</subfield>
  </datafield>
  <datafield tag="327" ind1="1" ind2=" ">
    <subfield code="a">&#x421;&#x43E;&#x434;&#x435;&#x440;&#x436;.: &#x420;&#x430;&#x437;&#x434;&#x435;&#x43B;&#x44B;: &#x413;&#x435;&#x440;&#x43E;&#x438;&#x447;&#x435;&#x441;&#x43A;&#x438;&#x435; &#x441;&#x43A;&#x430;&#x437;&#x430;&#x43D;&#x438;&#x44F; &#x43E; &#x43D;&#x430;&#x440;&#x442;&#x430;&#x445;; &#x41C;&#x438;&#x444;&#x44B; &#x43E;&#x431; &#x410;&#x431;&#x440;&#x441;&#x43A;&#x438;&#x43B;&#x435;; &#x410;&#x436;&#x432;&#x435;&#x439;&#x43F;&#x448; &#x438; &#x441;&#x43E;&#x432;&#x430;; &#x41B;&#x435;&#x433;&#x435;&#x43D;&#x434;&#x430; &#x43E; &#x420;&#x438;&#x446;&#x435;; &#x41F;&#x43E;&#x441;&#x43B;&#x43E;&#x432;&#x438;&#x446;&#x44B;</subfield>
  </datafield>
  <datafield tag="510" ind1="1" ind2=" ">
    <subfield code="a">Abkhazian folklore</subfield>
    <subfield code="z">eng</subfield>
  </datafield>
  <datafield tag="510" ind1="1" ind2=" ">
    <subfield code="a">&#x410;&#x4A7;&#x441;&#x443;&#x430; &#x444;&#x43E;&#x43B;&#x44C;&#x43A;&#x43B;&#x43E;&#x440;</subfield>
    <subfield code="z">abk</subfield>
  </datafield>
  <datafield tag="512" ind1="1" ind2=" ">
    <subfield code="a">Abkhazian folklore in Russian English Abkhazian</subfield>
    <subfield code="z">eng</subfield>
  </datafield>
  <datafield tag="606" ind1="1" ind2=" ">
    <subfield code="a">&#x410;&#x431;&#x445;&#x430;&#x437;&#x441;&#x43A;&#x438;&#x439; &#x444;&#x43E;&#x43B;&#x44C;&#x43A;&#x43B;&#x43E;&#x440;</subfield>
    <subfield code="9">1077354</subfield>
    <subfield code="3">RU\NLR\AUTH\66101825</subfield>
  </datafield>
  <datafield tag="686" ind1="1" ind2=" ">
    <subfield code="a">&#x428;3(247=&#x410;&#x431;)-6&#x44F;43</subfield>
  </datafield>
  <datafield tag="702" ind1=" " ind2="1">
    <subfield code="a">&#x414;&#x436;&#x435;&#x441;&#x441;&#x438;</subfield>
    <subfield code="b">&#x420;.</subfield>
    <subfield code="g">&#x420;&#x43E;&#x434;&#x436;&#x435;&#x440;</subfield>
    <subfield code="4">730</subfield>
  </datafield>
  <datafield tag="702" ind1=" " ind2="1">
    <subfield code="4">220</subfield>
    <subfield code="7">ca</subfield>
    <subfield code="8">rus</subfield>
    <subfield code="a">&#x428;&#x430;&#x43C;&#x431;&#x430;</subfield>
    <subfield code="b">&#x41E;.&#x411;.</subfield>
    <subfield code="c">&#x43A;&#x430;&#x43D;&#x434;. &#x44D;&#x43A;&#x43E;&#x43D;. &#x43D;&#x430;&#x443;&#x43A;, &#x43B;&#x438;&#x442;&#x435;&#x440;&#x430;&#x442;&#x443;&#x440;&#x43E;&#x432;&#x435;&#x434;</subfield>
    <subfield code="f">1938-2016</subfield>
    <subfield code="g">&#x41E;&#x43B;&#x435;&#x433; &#x411;&#x430;&#x433;&#x440;&#x430;&#x442;&#x43E;&#x432;&#x438;&#x447;</subfield>
    <subfield code="9">198242</subfield>
    <subfield code="3">RU\NLR\AUTH\770198293</subfield>
  </datafield>
  <datafield tag="702" ind1=" " ind2="1">
    <subfield code="a">&#x411;&#x435;&#x43B;&#x435;&#x446;&#x43A;&#x438;&#x439;</subfield>
    <subfield code="b">&#x415;.</subfield>
    <subfield code="g">&#x415;&#x432;&#x433;&#x435;&#x43D;&#x438;&#x439;</subfield>
    <subfield code="4">440</subfield>
  </datafield>
  <datafield tag="702" ind1=" " ind2="1">
    <subfield code="a">&#x411;&#x435;&#x43B;&#x435;&#x446;&#x43A;&#x438;&#x439;</subfield>
    <subfield code="b">&#x41C;.</subfield>
    <subfield code="g">&#x41C;&#x438;&#x445;&#x430;&#x438;&#x43B;</subfield>
    <subfield code="4">440</subfield>
  </datafield>
  <datafield tag="712" ind1="0" ind2="2">
    <subfield code="4">570</subfield>
    <subfield code="a">&#x410;&#x431;&#x445;&#x430;&#x437;&#x441;&#x43A;&#x438;&#x439; &#x433;&#x43E;&#x441;&#x443;&#x434;&#x430;&#x440;&#x441;&#x442;&#x432;&#x435;&#x43D;&#x43D;&#x44B;&#x439; &#x443;&#x43D;&#x438;&#x432;&#x435;&#x440;&#x441;&#x438;&#x442;&#x435;&#x442;</subfield>
    <subfield code="c">&#x421;&#x443;&#x445;&#x443;&#x43C;</subfield>
    <subfield code="3">RU\NLR\AUTH\889917760</subfield>
    <subfield code="9">331659</subfield>
  </datafield>
  <datafield tag="852" ind1=" " ind2=" ">
    <subfield code="a">NLR</subfield>
    <subfield code="b">&#x41E;&#x41D;&#x41B;</subfield>
    <subfield code="j">&#x410;&#x431;&#x445;&#x430;&#x437;./2-1333</subfield>
  </datafield>
  <datafield tag="942" ind1=" " ind2=" ">
    <subfield code="c">BOOK</subfield>
  </datafield>
  <datafield tag="980" ind1=" " ind2=" ">
    <subfield code="a">NB</subfield>
  </datafield>
  <datafield tag="995" ind1=" " ind2=" ">
    <subfield code="5">2014-11-12</subfield>
    <subfield code="a">ac</subfield>
    <subfield code="b">NLR01</subfield>
    <subfield code="c">NLR01</subfield>
    <subfield code="e">ONL01</subfield>
    <subfield code="f">1-733715</subfield>
    <subfield code="k">&#x41E;&#x41D;&#x41B; &#x410;&#x431;&#x445;&#x430;&#x437;./2-1333</subfield>
    <subfield code="o">0</subfield>
    <subfield code="p">200.00</subfield>
    <subfield code="r">BOOK</subfield>
    <subfield code="s">_21333</subfield>
  </datafield>
</record>
